000 01194cam a22002535a 4500
001 L137892
008 110623e20070501xxkbd f s 000 0 eng d
035 _a(Sirsi) u137892
041 0 _aeng
100 1 _aWerritty, Alan
245 0 0 _aExploring the social impacts of flood risk and flooding in Scotland
260 _aEdinburgh
_bScottish Executive
_c2007
490 0 _aScottish Executive Social Research
520 _aAssesses the impacts of recent floods on peoples' attitude and behaviour. Seeks to establish best practice in flood information dissemination. Reports the results of 2,085 questionnaires given to households. Reports on the impact of floods and the subsequent effect on people of those experiences. Details the management of flood risk and the responses of stakeholders such as insurers, emergency services and SEPA.
590 _aKA
651 4 _aScotland
_y1999-
690 _aPROPERTY-COMMERCIAL PROPERTY
700 1 _aHouston, Donald
700 1 _aBall, Tom
700 1 _aTavendale, Amy
700 1 _aBlack, Andrew
856 0 8 _uhttps://www.scotland.gov.uk/Resource/Doc/174676/0048938.pdf
_zView the item free of charge at www.scotland.gov.uk
942 _n0
999 _c106917
_d106917